Transport phenomena in biomedical engineering (Record no. 11867)
[ view plain ]
| 000 -LEADER | |
|---|---|
| fixed length control field | 02196nam a2200325Ia 4500 |
| 001 - CONTROL NUMBER | |
| control field | CRC0KE13591PDF |
| 003 - CONTROL NUMBER IDENTIFIER | |
| control field | BD-DhSAU |
| 005 - DATE AND TIME OF LATEST TRANSACTION | |
| control field | 20151012144306.0 |
| 006 - FIXED-LENGTH DATA ELEMENTS--ADDITIONAL MATERIAL CHARACTERISTICS | |
| fixed length control field | m|||||o||d|||||||| |
| 007 - PHYSICAL DESCRIPTION FIXED FIELD--GENERAL INFORMATION | |
| fixed length control field | cr|||| |
| 008 - FIXED-LENGTH DATA ELEMENTS--GENERAL INFORMATION | |
| fixed length control field | 121226s2013 fluadf sb 001 0 eng d |
| 020 ## - INTERNATIONAL STANDARD BOOK NUMBER | |
| International Standard Book Number | 9781439874639 (ebook : PDF) |
| 040 ## - CATALOGING SOURCE | |
| Original cataloging agency | BD-DhSAU |
| Transcribing agency | BD-DhSAU |
| 090 ## - LOCALLY ASSIGNED LC-TYPE CALL NUMBER (OCLC); LOCAL CALL NUMBER (OCLC) | |
| Classification number (OCLC) (R) ; Classification number, CALL (RLIN) (NR) | QH509 |
| Local cutter number (OCLC) ; Book number/undivided call number, CALL (RLIN) | .T73 2013 |
| 092 ## - LOCALLY ASSIGNED DEWEY CALL NUMBER (OCLC) | |
| Classification number | 571.64 |
| Item number | T772 |
| 245 00 - TITLE STATEMENT | |
| Title | Transport phenomena in biomedical engineering |
| Medium | [electronic resource] : |
| Remainder of title | principles and practices / |
| Statement of responsibility, etc. | edited by Robert A. Peattie ... [et al.]. |
| 260 ## - PUBLICATION, DISTRIBUTION, ETC. (IMPRINT) | |
| Place of publication, distribution, etc. | Boca Raton : |
| Name of publisher, distributor, etc. | CRC Press, |
| Date of publication, distribution, etc. | 2013. |
| 300 ## - PHYSICAL DESCRIPTION | |
| Extent | 1 v. (various pagings) : |
| Other physical details | ill. (some col.). |
| 504 ## - BIBLIOGRAPHY, ETC. NOTE | |
| Bibliography, etc | Includes bibliographical references and index. |
| 505 0# - FORMATTED CONTENTS NOTE | |
| Formatted contents note | 1. Biomimetic systems : concepts, design, and emulation / Robert J. Fisher -- 2. Transport/reaction processes in biology and medicine / E.N. Lightfoot -- 3. Microvascular heat transfer / James W. Baish -- 4. Fluid dynamics for bio systems : fundamentals and model analysis / Robert A. Peattie and Robert J. Fisher -- 5. Animal surrogate systems / Michael L. Shuler ... [et al.] -- 6. Arterial wall mass transport : the possible role of blood phase resistance in the localization of arterial disease / John M. Tarbell and Yuchen Qiu -- 7. Transport phenomena and the microenvironment / Robert J. Fisher and Robert A. Peattie -- 8. Transport and drug delivery through the blood-brain barrier and cerebrospinal fluid / Bingmei M. Fu -- 9. Interstitial transport in the brain : principles for local drug / W. Mark Saltzman -- 10. Surfactant transport and fluid-structure interactions during pulmonary airway reopening / David Martin, Anne-Marie Jacob, and Donald P. Gaver III. |
| 530 ## - ADDITIONAL PHYSICAL FORM AVAILABLE NOTE | |
| Additional physical form available note | Also available in print edition. |
| 538 ## - SYSTEM DETAILS NOTE | |
| System details note | Mode of access: World Wide Web. |
| 650 #0 - SUBJECT ADDED ENTRY--TOPICAL TERM | |
| Topical term or geographic name as entry element | Biological transport. |
| 650 #0 - SUBJECT ADDED ENTRY--TOPICAL TERM | |
| Topical term or geographic name as entry element | Drug delivery systems. |
| 650 #0 - SUBJECT ADDED ENTRY--TOPICAL TERM | |
| Topical term or geographic name as entry element | Hydrodynamics. |
| 655 #7 - INDEX TERM--GENRE/FORM | |
| Genre/form data or focus term | Electronic books. |
| Source of term | lcsh |
| 700 1# - ADDED ENTRY--PERSONAL NAME | |
| Personal name | Peattie, Robert A. |
| 776 1# - ADDITIONAL PHYSICAL FORM ENTRY | |
| International Standard Book Number | 9781439874622 (hardback : alk. paper) |
| 856 40 - ELECTRONIC LOCATION AND ACCESS | |
| Uniform Resource Identifier | <a href="http://marc.crcnetbase.com/isbn/9781439874639">http://marc.crcnetbase.com/isbn/9781439874639</a> |
| Electronic format type | application/PDF |
No items available.
